Etudes slaves et est-européennes : Slavic and East-European studies.

Bibliographic Details
New Title:Canadian Slavonic papers
Corporate Authors: Université de Montréal. Département d'études slaves, Eastern Canada Association of Slavists and East European Specialists, Eastern Canada Centre of Slavists and East European Specialists, Canadian Association of Slavists
Format: Serial
Language:French
English
Language Notes:Text in French and English.
Published: Montreal : Dept. of Slavic Studies, University of Montreal, 1956-1976.
Subjects:
Online Availability: Check for online availability

MARC

Tag First Indicator Second Indicator Subfields
LEADER 00000cas a2200000 a 4500
001 in00002787324
005 20151202172151.0
006 m o d
007 cr bn||||||abp
007 cr bn||||||ada
008 100430d19561976qucar oo o 0 0fre c
010 |a  2011234667 
022 |l 0014-2190  |y 0014-2190 
035 |a (OCoLC)ocn610282220 
035 |a (OCoLC)610282220 
040 |a OCLCE  |b eng  |c OCLCE  |d EYM  |d HLS  |d OCLCQ  |d TXA  |d UtOrBLW 
041 0 |a fre  |a eng 
042 |a dlr  |a pcc 
043 |a ee----- 
049 |a TXAM 
050 4 |a DK1  |b .E8 Electronic 
082 0 4 |a 947.005  |b E85 
245 0 0 |a Etudes slaves et est-européennes :  |b Slavic and East-European studies. 
246 3 1 |a Slavic and East-European studies 
264 1 |a Montreal :  |b Dept. of Slavic Studies, University of Montreal,  |c 1956-1976. 
310 |a Annual,  |b 1968-1975/1976 
321 |a Quarterly,  |b 1956-1968 
336 |a text  |b txt  |2 rdacontent 
337 |a computer  |b c  |2 rdamedia 
338 |a online resource  |b cr  |2 rdacarrier 
362 1 |a Began with: Vol. 1, pt. 1 (spring 1956); ceased with: Vol. 20/21 (1975/1976). 
506 |3 Use copy  |f Restrictions unspecified  |2 star  |5 MiAaHDL 
515 |a Some issues combined. 
533 |a Electronic reproduction.  |b [S.l.] :  |c HathiTrust Digital Library,  |d 2010.  |5 MiAaHDL 
546 |a Text in French and English. 
550 |a Published by University of Montreal, Dept. of Slavic Studies, 1956-1963; by Slavic and East European Studies for the Eastern Canada Association of Slavists and East European Specialists, 1964-1967/68; by the Eastern Canada Centre of Slavists and East European Specialists in collaboration with the Canadian Association of Slavists and Les Presses de l'Université Laval, 1968-1975/76. 
583 1 |a digitized  |c 2010  |h HathiTrust Digital Library  |l committed to preserve  |2 pda  |5 MiAaHDL 
588 |a Description based on: Vol. 1, pt. 1 (spring 1956); title from PDF cover (JSTOR, viewed August 12, 2011). 
588 |a Latest issue consulted: Vol. 20/21 (1975/1976) (JSTOR, viewed August 12, 2011). 
500 |a Electronic resource. 
650 0 |a Slavs  |x History  |v Periodicals. 
650 0 |a Slavic philology  |v Periodicals. 
651 0 |a Europe, Eastern  |v Periodicals. 
651 6 |a Europe de l'Est  |x Etude et enseignement  |v Périodiques. 
710 2 |a Université de Montréal.  |b Département d'études slaves. 
710 2 |a Eastern Canada Association of Slavists and East European Specialists. 
710 2 |a Eastern Canada Centre of Slavists and East European Specialists. 
710 2 |a Canadian Association of Slavists. 
776 0 8 |i Print version:  |t Etudes slaves et est-européennes  |x 0014-2190  |w (DLC) 62068171  |w (OCoLC)1568364 
785 0 4 |t Canadian Slavonic papers  |w (DLC) 2011234668  |w (OCoLC)60622494 
948 |a cataloged  |b h  |c 2012/12/20  |d c  |e spoltoratski  |f 4:53:28 pm  |g sc 
994 |a C0  |b TXA 
999 |a MARS 
999 f f |s 90d7f87d-37a1-3b33-ab11-1e6e76706f1a  |i e161d6b8-c4fa-3267-92b1-496c3af4f83c  |t 0 
952 f f |a Texas A&M University  |b College Station  |c Electronic Resources  |d Available Online  |t 0  |e DK1 .E8  |g Electronic  |h Library of Congress classification 
998 f f |a DK1 .E8  |t 0  |l Available Online